Микроволновая аппаратура дистанционного зондирования поверхности земли и атмосферы (Запись № 546676)

Подробности
000 -МАРКЕР
контрольное поле 02527nam0a2200385 4500
001 - ИДЕНТИФИКАТОР ЗАПИСИ
контрольное поле RU\NLR\bibl\99271
005 - ИДЕНТИФИКАТОР ВЕРСИИ
контрольное поле 20260405123910.0
010 ## - МЕЖДУНАРОДНЫЙ СТАНДАРТНЫЙ НОМЕР КНИГИ (ISBN)
Номер (ISBN) 5-8088-0026-9
Тираж 150
021 ## - НОМЕР ГОСУДАРСТВЕННОЙ РЕГИСТРАЦИИ
Код страны российская федерация
Номер 2000-15636
Номер Листа государственной регистраци 756
035 ## - ДРУГИЕ СИСТЕМНЫЕ НОМЕРА
Идентификатор записи (NLR Aleph) 000097057
100 ## - ДАННЫЕ ОБЩЕЙ ОБРАБОТКИ
Данные общей обработки 20000720d1999 |||y0rusy50 ca
101 0# - ЯЗЫК РЕСУРСА
Язык текста, звукозаписи и т.д. русский
102 ## - СТРАНА ПУБЛИКАЦИИ ИЛИ ПРОИЗВОДСТВА
Страна публикации российская федерация
105 ## - ПОЛЕ КОДИРОВАННЫХ ДАННЫХ: ТЕКСТОВЫЕ МАТЕРИАЛЫ, МОНОГРАФИЧЕСКИЕ
Кодированные данные о монографическом текстовом документе a |||||||||
200 1# - ЗАГЛАВИЕ И СВЕДЕНИЯ ОБ ОТВЕТСТВЕННОСТИ
Основное заглавие Микроволновая аппаратура дистанционного зондирования поверхности земли и атмосферы
Сведения, относящиеся к заглавию Радиолокаторы с синтезир. апертурой антенны
-- Учеб. пособие
-- [Для студентов радиотехн. спец.]
Первые сведения об ответственности Л.Б. Неронский, В.Ф. Михайлов, И.В. Брагин
Последующие сведения об ответственности М-во образования Рос. Федерации, С.-Петерб. гос. ун-т аэрокосм. приборостроения
210 ## - ПУБЛИКАЦИЯ, РАСПРОСТРАНЕНИЕ И ДР.
Место издания, распространения и т.д. СПб.
Имя издателя, распространителя и т. д. СПбГУАП
Дата издания, распространения и т.д. 1999
215 ## - ФИЗИЧЕСКАЯ ХАРАКТЕРИСТИКА
Специфическое обозначение материала и объем 220 с.
Другие сведения о физической характеристике ил.
Размеры 20
320 ## - ПРИМЕЧАНИЯ О НАЛИЧИИ В ДОКУМЕНТЕ БИБЛИОГРАФИИ / УКАЗАТЕЛЯ
Текст примечания Библиогр.: с. 197-200 (36 назв.)
606 0# - НАИМЕНОВАНИЕ ТЕМЫ КАК ПРЕДМЕТ
Наименование темы Земная поверхность
Формальный подзаголовок Руководства, пособия и т.п.
Тематический подзаголовок Исследования
-- Радиолокационные методы
Системный номер авторитетной/нормативной записи 1112735
Идентификатор авторитетной/нормативной записи RU\NLR\auth\66439750
606 0# - НАИМЕНОВАНИЕ ТЕМЫ КАК ПРЕДМЕТ
Наименование темы Земная поверхность
Формальный подзаголовок Учебные издания для высшей школы
Тематический подзаголовок Исследования
-- Радиолокационные методы
Системный номер авторитетной/нормативной записи 1112735
Идентификатор авторитетной/нормативной записи RU\NLR\auth\66439750
606 0# - НАИМЕНОВАНИЕ ТЕМЫ КАК ПРЕДМЕТ
Наименование темы Атмосфера
Формальный подзаголовок Руководства, пособия и т.п.
Тематический подзаголовок Исследования
-- Радиолокационные методы
-- Аппараты и приборы
Системный номер авторитетной/нормативной записи 1039877
Идентификатор авторитетной/нормативной записи RU\NLR\auth\6682333
606 0# - НАИМЕНОВАНИЕ ТЕМЫ КАК ПРЕДМЕТ
Наименование темы Атмосфера
Формальный подзаголовок Учебные издания для высшей школы
Тематический подзаголовок Исследования
-- Радиолокационные методы
-- Аппараты и приборы
Системный номер авторитетной/нормативной записи 1039877
Идентификатор авторитетной/нормативной записи RU\NLR\auth\6682333
686 ## - ИНДЕКСЫ ДРУГИХ КЛАССИФИКАЦИЙ
Индекс Д820в733.8я73
686 ## - ИНДЕКСЫ ДРУГИХ КЛАССИФИКАЦИЙ
Индекс Д23в610.28я73
700 #1 - ИМЯ ЛИЦА - ПЕРВИЧНАЯ ОТВЕТСТВЕННОСТЬ
Начальный элемент ввода Неронский
Часть имени, кроме начального элемента ввода Л. Б.
Расширение инициалов личного имени Леон Богуславович
Код отношения Автор
701 #1 - ИМЯ ЛИЦА - АЛЬТЕРНАТИВНАЯ ОТВЕТСТВЕННОСТЬ
Код отношения Автор
Материалы, к которым относится поле rus
Графика поля Кириллица
Начальный элемент ввода Михайлов
Часть имени, кроме начального элемента ввода В. Ф.
Дополнения к именам, кроме дат д-р техн. наук
Расширение инициалов личного имени Виктор Федорович
Идентификатор авторитетной/нормативной записи RU\NLR\auth\7749467
Системный номер авторитетной/нормативной записи 32402
701 #1 - ИМЯ ЛИЦА - АЛЬТЕРНАТИВНАЯ ОТВЕТСТВЕННОСТЬ
Начальный элемент ввода Брагин
Часть имени, кроме начального элемента ввода И. В.
Расширение инициалов личного имени Иван Вениаминович
Код отношения Автор
801 #0 - ИСТОЧНИК ЗАПИСИ
Страна российская федерация
Организация NLR
Дата составления 20000720
Правила каталогизации PSBO
801 #1 - ИСТОЧНИК ЗАПИСИ
Страна российская федерация
Организация NLR
Дата составления 20000720
830 ## - ОБЩЕЕ ПРИМЕЧАНИЕ, СОСТАВЛЕННОЕ КАТАЛОГИЗАТОРОМ
Текст примечания Авт. по кн.
852 ## - МЕСТОНАХОЖДЕНИЕ И ШИФР ХРАНЕНИЯ
Идентификатор организации NLR
Шифр хранения (Call Number) 2000-3/6424
942 ## - ДОПОЛНИТЕЛЬНЫЕ ЭЛЕМЕНТЫ ЗАПИСИ (АБИС)
Тип экземпляра АБИС Книга
980 ## - КОЛЛЕКЦИЯ
Название коллекции Национальная библиография
Экземпляры
Тип экземпляра Дата поступления Источник поступления Библиотека постоянного хранения Библиотека текущего хранения Место хранения Шифр хранения Штрих-код Статус не для выдачи
Книга 20.07.2000 Обязательный экземпляр РНБ (Московский) РНБ (Московский) Русский книжный фонд: издания с 1957 года, 8этаж 2000-3/6424 1-3231245  
Книга 20.07.2000 Обязательный экземпляр РНБ (Московский) РНБ (Московский) Русский книжный фонд: издания с 1957 года, 8этаж 2000-3/6424 51099